Convención sobre el Instituto Interamericano de Ciencias Agrícolas y su Protocolo de enmienda abierto a la firma en la Unión Panamericana el 15 de enero de 1944 y el 1⁰. de diciembre de 1958, respectivamente. (Record no. 51629)

MARC details
000 -LEADER
fixed length control field 01361cam a22002651 4500
001 - CONTROL NUMBER
control field pa 68000106
003 - CONTROL NUMBER IDENTIFIER
control field DLC
005 - DATE AND TIME OF LATEST TRANSACTION
control field 20260227111857.0
008 - FIXED-LENGTH DATA ELEMENTS--GENERAL INFORMATION
fixed length control field 811028s1966 dcu 000 0 spa
010 ## - LIBRARY OF CONGRESS CONTROL NUMBER
LC control number pa 68000106
040 ## - CATALOGING SOURCE
Original cataloging agency DLC
Transcribing agency DLC
Modifying agency DLC
041 0# - LANGUAGE CODE
Language code of text/sound track or separate title spaengfrepor
050 00 - LIBRARY OF CONGRESS CALL NUMBER
Classification number F1402
Item number .A169 OEA/Ser.A/13 (SEPF)
Classification number S401
082 00 - DEWEY DECIMAL CLASSIFICATION NUMBER
Classification number 341/.02635
-- 341.7/6757/0265
Edition number 19
130 0# - MAIN ENTRY--UNIFORM TITLE
Uniform title Convention on the Inter-American Institute of Agricultural Sciences.
245 00 - TITLE STATEMENT
Title Convención sobre el Instituto Interamericano de Ciencias Agrícolas y su Protocolo de enmienda abierto a la firma en la Unión Panamericana el 15 de enero de 1944 y el 1⁰. de diciembre de 1958, respectivamente.
Remainder of title Convention on the Inter-American Institute of Agricultural Sciences and the Protocol of amendment opened for signature at the Pan American Union on January 15, 1944 and December 1, 1958, respectively.
260 ## - PUBLICATION, DISTRIBUTION, ETC.
Place of publication, distribution, etc. Washington,
Name of publisher, distributor, etc. Unión Panamericana,
Date of publication, distribution, etc. 1966.
300 ## - PHYSICAL DESCRIPTION
Extent 63 p.
Dimensions 23 cm.
490 1# - SERIES STATEMENT
Series statement Serie sobre tratados ;
Volume/sequential designation 12
490 1# - SERIES STATEMENT
Series statement OEA documentos oficiales ;
Volume/sequential designation OEA/Ser.A/13 (SEPF)
500 ## - GENERAL NOTE
General note Spanish, English, Portuguese, and French.
610 20 - SUBJECT ADDED ENTRY--CORPORATE NAME
Corporate name or jurisdiction name as entry element Inter-American Institute of Agricultural Sciences.
830 #0 - SERIES ADDED ENTRY--UNIFORM TITLE
Uniform title Treaty series (Organization of American States. General Secretariat) ;
Volume/sequential designation no. 12.
830 #0 - SERIES ADDED ENTRY--UNIFORM TITLE
Uniform title OAS official records ;
Volume/sequential designation OEA/Ser.A/13 (SEPF)

No items available.

Powered by Koha